• 首页
  • 本馆介绍
  • 公告通知
  • 最新文献
  • 馆藏检索
  • 电子资源
  • 读者导购
  • 参考咨询
  • 我的图书馆
  • 登录
  • 详细信息显示
  • 放入我的书架
  • 预约/预借图书
  • 作者相关作品
  • 分类相关作品
  • 丛书相关作品
  • 出版社相关作品

书目信息

  • 表格格式
  • 工作单格式
  • 卡片格式
题名:
经济运行的逻辑
    
 
作者: 高善文 著
分册:  
出版信息: 北京   中国人民大学出版社  2013.6
页数: 10,187页
开本: 25cm
丛书名:
单 册:
中图分类: F123.16
科图分类:
主题词: 中国经济--宏观经济分析 , 中国经济 , 宏观经济分析
电子资源:
ISBN: 978-7-300-17344-3
000 00962nam0 2200265 450
001 523
005 20140908151658.20
010    @a978-7-300-17344-3@dCNY49.00
100    @a20130729d2013 em y0chiy50 ea
101 0  @achi
102    @aCN@b110000
105    @ay z 000yy
106    @ar
200 1  @a经济运行的逻辑@AJing Ji Yun Xing De Luo Ji@f高善文著@FGao Shan Wen Zhu
210    @a北京@c中国人民大学出版社@d2013.6
215    @a10,187页@d25cm
300    @a中国金融四十人论坛书系/管涛等主编
330    @a本书从实证的角度回顾和总结了货币与通货膨胀在长期的关系;进一步思考中国通胀模式和发达国家的区别,以及这种差别的深层次原因;讨论了过去十年中国经济的一些重要时期的案例,体现了总供求变化框架对中国经济运行的解释能力。
606 0  @a中国经济@x宏观经济分析
606 0  @a中国经济
606 0  @a宏观经济分析
690    @aF123.16@v5
701  0 @a高善文@AGao Shan Wen@f(1971~)@4著
801  0 @aCN@bTANGWEI@c20140603
905    @b0838288-90@dF123.16@e245@f3
    
    经济运行的逻辑/高善文著.-北京:中国人民大学出版社,2013.6
    10,187页;25cm
    中国金融四十人论坛书系/管涛等主编
    
    ISBN 978-7-300-17344-3:CNY49.00
    本书从实证的角度回顾和总结了货币与通货膨胀在长期的关系;进一步思考中国通胀模式和发达国家的区别,以及这种差别的深层次原因;讨论了过去十年中国经济的一些重要时期的案例,体现了总供求变化框架对中国经济运行的解释能力。
●
相关链接 在E读中查询图书 在五车中查询图书 在当当中查询图书 在豆瓣中查询图书


正题名:经济运行的逻辑     索取号:F123.16/245         预约/预借

序号 登录号 条形码 馆藏地/架位号 状态 备注
1 0838288   208382882   第一样本阅览室/ [索取号:F123.16/245] 在馆    
2 0838289   208382891   第一借阅区/ [索取号:F123.16/245] 在馆    
3 0838290   208382908   密集书库-海洋学院/ [索取号:F123.16/245] 在馆    
唐山师范学院图书馆 欢迎您!
大连网信软件有限公司© 版权所有